Az igazgató szerepe a tanárok továbbképzésében és az osztályfőnöknevelésben

Elmentve itt :
Bibliográfiai részletek
Szerző: Nagy Miklós
Dokumentumtípus: Cikk
Megjelent: 1943
Sorozat:Nevelésügyi szemle 7 No. 3-4
Kulcsszavak:Nevelésügy - Magyarország - 20. sz., Oktatásügy - Magyarország, Pedagógia - Magyarország - 20. sz.
Online Access:http://acta.bibl.u-szeged.hu/53538
LEADER 00709nab a2200169 i 4500
001 acta53538
005 20260224081030.0
008 180321s1943 hu o 000 hun d
040 |a SZTE Egyetemi Kiadványok Repozitórium  |b hun 
041 |a hun 
100 1 |a Nagy Miklós 
245 1 3 |a Az igazgató szerepe a tanárok továbbképzésében és az osztályfőnöknevelésben  |h [elektronikus dokumentum] /  |c  Nagy Miklós 
260 |c 1943 
300 |a 56-66 
490 0 |a Nevelésügyi szemle  |v 7 No. 3-4 
695 |a Nevelésügy - Magyarország - 20. sz., Oktatásügy - Magyarország, Pedagógia - Magyarország - 20. sz. 
856 4 0 |u http://acta.bibl.u-szeged.hu/53538/1/nev_szem_007_003_004_056-066.pdf  |z Dokumentum-elérés